000 00550pam a2200217 i 4500
001 4107574
005 20180313055807.0
008 760406s1976 nyu b 001 0 eng
010 _a 75021493
020 _a0030149118.
_a0030148863
040 _aDLC
_cDLC
_dDLC
041 _aeng
080 _a658.4 CAP
082 0 0 _a658.4 CAP
100 1 _a54
101 _aMEN
245 1 0 _aHow to run any organization /
_cTheodore Caplow.
504 _aBibliography: p. 215.
906 _a7
_bcbc
_corignew
_d1
_eocip
_f19
_gy-gencatlg
942 _2ddc
_cBK
999 _c44882
_d44882